000 00657cam a2200229 4500
008 090401t1992 xxu||||| |||| 00| 0 eng d
020 _a1873619022
035 _a(Sirsi) u50498
041 _aeng
050 _a725.827
110 _aPanstadia International Limited
_93035
245 2 _aA worldwide guide to stadium newbuild and management.
260 _aHarrow, Middlesex
_bPanstadia International Limited
_c1992
300 _a437p. : ill, ; 30cm.
350 _a0
650 _aBUILT ENVIRONMENT-CONSTRUCTION DESIGN
650 _aSPORTS FACILITIES
650 _aSTADIA
690 _aLEISURE AND RECREATION
942 _n0
948 _c04/03/1997
999 _c92714
_d92714